| 000 | 00418cam a22001097a 4500 | ||
|---|---|---|---|
| 008 | 180718b1990 xxu||||| |||| 00| 0 eng d | ||
| 082 | _aZ7x54 In2p | ||
| 245 |
_aScientific basis of Indian agriculture: seventyfive years of service _cby Indian Agricultural Research Institute, India |
||
| 260 |
_aDelhi _bIndian Agricultural Research Institute _c1990 |
||
| 300 | _a267+p. | ||
| 700 | _aIndian Agricultural Research Institute. | ||
| 999 |
_c499676 _d499676 |
||